000 00392nam a22001577a 4500
005 20180720121048.0
008 160514b xxu||||| |||| 00| 0 eng d
041 _aeng
082 _b2435
_a658.3
100 _a Aswathappa, K
_94592
245 _aOrganizational Behavior
260 _aNew Delhi
_bHimalaya Publishing House,
_c2003
300 _a581p,
650 _aManagement
_9241
942 _cBK
999 _c866
_d866